Introduction to banking. / (Record no. 1169)
[ view plain ]
| 000 -LEADER | |
|---|---|
| fixed length control field | 01237nam a22001817a 4500 |
| 008 - FIXED-LENGTH DATA ELEMENTS--GENERAL INFORMATION | |
| fixed length control field | 120607t xxu||||| |||| 00| 0 eng d |
| 020 ## - INTERNATIONAL STANDARD BOOK NUMBER | |
| International Standard Book Number | 9780273693024 0273693026 |
| 050 ## - LIBRARY OF CONGRESS CALL NUMBER | |
| Classification number | HG1606.C26 |
| 100 ## - MAIN ENTRY--PERSONAL NAME | |
| Personal name | Casu, Barbara |
| 245 ## - TITLE STATEMENT | |
| Title | Introduction to banking. / |
| Statement of responsibility, etc. | Barbara, Casu |
| 260 ## - PUBLICATION, DISTRIBUTION, ETC. | |
| Place of publication, distribution, etc. | London : |
| Name of publisher, distributor, etc. | Prentice Hall Financial Times, |
| Date of publication, distribution, etc. | 2006. |
| 300 ## - PHYSICAL DESCRIPTION | |
| Extent | xxxi, 526 p. : |
| Other physical details | ill. ; |
| Dimensions | 25 cm. |
| 505 ## - FORMATTED CONTENTS NOTE | |
| Formatted contents note | Contents: Introduction to banking: What is special about banks -- Banking activities and current issues in banking -- Types of banking -- International banking -- Central banking and bank regulation: Theory of central banking -- Central banks in practice -- Bank regulation and supervision -- Issues in bank management: Banks' balance sheet and income structure -- Managing banks -- Banking risks -- Banking risks management -- UK banking -- European banking -- Banking in the new EU member states -- Banking in the united states -- Banking in Japan -- Banking in emerging and transition economies -- Appendix A1: Interest rates, bonds and yields -- Appendix A2: Introduction to portfolio theory |
| 650 ## - SUBJECT ADDED ENTRY--TOPICAL TERM | |
| Topical term or geographic name entry element | Banks and banking |
| General subdivision | Great Britain. |
| 700 ## - ADDED ENTRY--PERSONAL NAME | |
| Personal name | Girardone, Claudia |
| 700 ## - ADDED ENTRY--PERSONAL NAME | |
| Personal name | Molyneux, Philip |
| 942 ## - ADDED ENTRY ELEMENTS (KOHA) | |
| Source of classification or shelving scheme | Library of Congress Classification |
| Koha item type | Books |
| Withdrawn status | Lost status | Source of classification or shelving scheme | Damaged status | Not for loan | Home library | Current library | Shelving location | Date acquired | Total Checkouts | Full call number | Barcode | Date last seen | Copy number | Price effective from | Koha item type |
|---|---|---|---|---|---|---|---|---|---|---|---|---|---|---|---|
| Library of Congress Classification | WISCONSIN INTERNATIONAL UNIVERSITY COLLEGE, GHANA - MAIN LIBRARY | WISCONSIN INTERNATIONAL UNIVERSITY COLLEGE, GHANA - MAIN LIBRARY | General Stacks | 07/06/2012 | HG1606.C26 | 3274/12 | 07/06/2012 | 1 | 07/06/2012 | Books | |||||
| Library of Congress Classification | WISCONSIN INTERNATIONAL UNIVERSITY COLLEGE, GHANA - MAIN LIBRARY | WISCONSIN INTERNATIONAL UNIVERSITY COLLEGE, GHANA - MAIN LIBRARY | General Stacks | 07/06/2012 | HG1606.C261 | 3275/12 | 07/06/2012 | 2 | 07/06/2012 | Books |
